<?xml version="1.0" encoding="UTF-8"?>
<collection xmlns="http://www.loc.gov/MARC21/slim">
 <record>
  <leader>00935pam a22002178a 4500</leader>
  <controlfield tag="001">00016006</controlfield>
  <controlfield tag="005">20171026081022.0</controlfield>
  <controlfield tag="008">110404s1986                  ||||||Viesd</controlfield>
  <datafield tag="041" ind1="0" ind2="#">
   <subfield code="a">Vie</subfield>
  </datafield>
  <datafield tag="082" ind1="1" ind2="4">
   <subfield code="a">910.3</subfield>
   <subfield code="b">TH500Đ</subfield>
  </datafield>
  <datafield tag="100" ind1="0" ind2="#">
   <subfield code="a">Cao Ngọc Thắng</subfield>
  </datafield>
  <datafield tag="245" ind1="0" ind2="0">
   <subfield code="a">Thủ đô các nước anh em</subfield>
   <subfield code="c">Cao Ngọc Thắng</subfield>
  </datafield>
  <datafield tag="260" ind1="#" ind2="#">
   <subfield code="a">TP HCM</subfield>
   <subfield code="b">Giáo dục</subfield>
   <subfield code="c">1986.</subfield>
  </datafield>
  <datafield tag="300" ind1="#" ind2="#">
   <subfield code="a">115 tr.</subfield>
   <subfield code="b">Bản đồ, hình vẽ</subfield>
   <subfield code="c">21 cm.</subfield>
  </datafield>
  <datafield tag="650" ind1="#" ind2="4">
   <subfield code="a">Địa lý sách tra cứu</subfield>
  </datafield>
  <datafield tag="653" ind1="#" ind2="#">
   <subfield code="a">Thủ đô</subfield>
   <subfield code="a">Các nước Xã hội chủ nghĩa</subfield>
  </datafield>
  <datafield tag="852" ind1="#" ind2="#">
   <subfield code="b">Kho đọc</subfield>
   <subfield code="j">KD.0001464</subfield>
  </datafield>
  <datafield tag="852" ind1="#" ind2="#">
   <subfield code="j">KM.0003338, KM.0003339, KM.0003340, KM.0003341, KM.0003342, KM.0003343, KM.0003344, KM.0003345</subfield>
   <subfield code="b">Kho mượn</subfield>
  </datafield>
  <datafield tag="852" ind1="#" ind2="#">
   <subfield code="j">KM.0003339</subfield>
   <subfield code="j">KM.0003340</subfield>
   <subfield code="j">KM.0003342</subfield>
   <subfield code="j">KM.0003343</subfield>
   <subfield code="j">KM.0003345</subfield>
   <subfield code="j">KM.0003338</subfield>
   <subfield code="j">KM.0003341</subfield>
   <subfield code="j">KM.0003344</subfield>
   <subfield code="j">KD.0001464</subfield>
  </datafield>
  <datafield tag="910" ind1=" " ind2=" ">
   <subfield code="d">04/04/2011</subfield>
  </datafield>
  <datafield tag="980" ind1="#" ind2="#">
   <subfield code="a">Trung tâm Học liệu Lê Vũ Hùng, Trường Đại học Đồng Tháp</subfield>
  </datafield>
 </record>
</collection>
